02794nam a22003137a 4500003000400000005001700004007000300021008004100024020001800065040002500083041000800108082002400116100002400140245012500164260004000289300002100329500003600350500007300386500007100459504003200530505002200562505060700584505074201191505024601933505009902179505008302278651005802361651006102419Ost20220211123218.0ta210409e2017 dr ||||erb||| 001 0bspa d a9789945089912 aDO-SdBNPbspacBNPHU hspa 4a972.93054bJ96g2221 aJusto Duarte, Amado13aEl gobierno de Bosch, el triunvirato, la guerra civil y la intervención norteamericana de 1965 /bAmaury Justo Duarte. aSanto Domingo :bSantuario, c2017. a362 p. ;c21 cm. aIncluye índice onomástico,  aIncluye referencias bibliográficas y notas al pie de las páginas aIncluye datos biográficos del autor en la solapa de la cubierta  aBibliografía : p. 353-3561 aPresentación.--1 aPrimera parte tEl gobierno de Juan Bosch :tIntroduccióntCapítulo I uEl gobierno de Bosch y la nueva situación política.--tCapítulo II:uLos conservadores en la oposición.--tCapítulo III :uLa pequeña burguesía y las luchas políticas.--tCapítulo IV :uLa situación en la zona del Caribe.-uLa política exterior del gobierno norteamericano para la República Dominicana-tCapítulo V : uDel 27 de febrero al 17 de julio de 1963 : un gobierno sin perspectivas.-tCapítulo VI :uDel 17 de julio al 25 de septiembre de 1963: el golpe de García a un poder moribundo.-1 aSegunda parte :tEl triunvirato.-tCapítulo VII :uEl triunvirato: un engendro de la fracción cívica.-tCapítulo VIII :uLas fuerzas políticas de la oposición.-tCapítulo IX :uLa pequeña burguesía ante la ofensiva de la reacción.-tCapítulo X :uDel 25 de septiembre al 21 de diciembre de 1963: las premisas políticas de la consolidación del triunvirato.-tCapítulo XI :uDe diciembre de 1963 a enero de 1965: el poder cívico al desnudo.-tCapítulo XII :uDe enero a abril 1965: al pacto de Río Piedras.uLas bases materiales de la crisis..-tCapítulo XIII :uLos objetivos de los grupos políticos a la víspera de la insurrección de abril.-tCapítulo XIV :uEl derrocamiento del triunvirato.-1 aTercera parte :tGuerra civil.-tCapítulo XV :uDel 25 al 28 de abril: la ruptura del frente anticívico y la instauración de un doble poder.-tCapítulo XVI :uDel 27 al 28 de abril: el colapso de las fuerzas militares reaccionarias.-1 aCuarta parte :tCapítulo XVII :uLa intervención norteamericana: el fin de las ilusiones.-1 aSignificado de los términos sociológicos utilizados en el presente libro.- 4aRepública DominicanaxHistoria yRevolución, 1965 4aRepública DominicanaxPolítica y gobierno xHistoria